Statistics for Countries of Europe in 1000 (with a Map)

Click here to take the quiz!

General Stats

  • This quiz has been taken 1,047 times
    (210 since last reset)
  • The average score is 35 of 171

Answers on the Map

Answers color-coded by a green-red scale on the quiz's map according to % correct below.
Loading ...
 

Answer Stats

Country% Correct
England
95%
Alba
94%
Byzantine Empire
93%
Sweden
93%
Denmark
91%
Norway
91%
Poland
86%
Iceland
83%
Hungary
79%
Sicily
78%
Austria
76%
Venice
74%
France (royal domain)
73%
Bavaria
71%
Papal States
70%
Croatia
70%
Bulgaria
69%
Serbia
69%
Brittany
68%
Normandy
65%
Bohemia
61%
Corsica
61%
Naples
59%
Portugal
57%
Tuscany
57%
Castile
57%
Saxony
55%
Galicia
55%
San Marino
52%
Kiev
50%
Burgundy (county)
49%
Burgundy (duchy)
49%
Cork
49%
Lombardy
48%
Dublin
48%
Navarra
48%
León
47%
Bar-sur-Aube
39%
Munster
37%
Novgorod
37%
Ulaid
37%
Flanders
36%
The Isles
36%
Barcelona
33%
Aquitaine
32%
Córdoba
31%
Limerick
31%
Waterford
23%
Cagliari
23%
Leinster
23%
Orléans
22%
Gyula
21%
Toulouse
20%
Pisa
19%
Thuringia
18%
Anjou
17%
Connacht
17%
Cologne
17%
Verona
16%
Circassia
13%
Strathclyde
13%
Gascony
12%
Wexford
12%
Gwynedd
12%
Champagne
12%
Carinthia
11%
Salerno
11%
Meath
11%
Smolensk
11%
Swabia
11%
Strasbourg
10%
Rostov
9%
Nevers
9%
Bourbon
9%
Franconia
9%
Amalfi
9%
Maine
8%
Orkney
8%
Polotsk
7%
Powys
7%
Reims
7%
Romagna
7%
Volga Bulgaria
7%
Benevento
7%
Pecheneg
7%
Montferrat
6%
Metz
6%
Alania
6%
Arles
6%
Augsburg
6%
Liège
6%
Mainz
6%
Roussillon
4%
Lade
4%
Arborea
4%
Spoleto
4%
Namur
4%
Blois
4%
Verdun
3%
Khazaria
3%
Upper Lorraine
3%
Gwent
3%
Bourges
3%
Deheubarth
3%
Capua
3%
Lower Lorraine
3%
Lusatia
3%
Fulda
2%
Valois
2%
Sorrento
2%
Urgell
2%
Ribagorça
2%
Northern Uí Néill
2%
Beauvais (county)
2%
Duklja
2%
Lodi
2%
Logudoro
2%
Tmutarakan
2%
Sens
2%
Volhynia
2%
Beauvais (bishopric)
2%
Yotvingia
1%
Vitry
1%
Travunia
1%
Vexin
1%
Vermandois
1%
Vendôme
1%
Westrogothia
1%
Syrmia
1%
Zachlumia
1%
Thurgau
1%
Turov
1%
Tonnerre
1%
Ahtum
1%
Maelienydd
1%
Rethel
1%
Drevlians
1%
Gâtinais
1%
Gallura
1%
Gaeta
1%
Finale
1%
Empúries
1%
Durdzuki
1%
Derbent
1%
Herdalia
1%
Corbie
1%
Châlons
1%
Cerdanya
1%
Buellt
1%
Brycheiniog
1%
Besalú
1%
Glywysing
1%
Langres
1%
Peremyshl
1%
Murom
1%
Pallars
1%
Pagania
1%
Ossory
1%
Osona
1%
Noyon
1%
Nordgau
1%
Montlhéry
1%
Laon
1%
Meulan
1%
Merseburg
1%
Melun
1%
Meissen
1%
Maskat
1%
Lutici
1%
Lekia
1%
Zeitz
1%

Score Distribution

Percentile by Number Answered

Percent of People with Each Score

Your Score History

You have not taken this quiz since the last reset